Datum a čas kvízu
29
Celkem bodů
Celkový počet nahraných bodů na tomto kvízu bez doplňovacích otázek.
7.
Pořadí na kvízu
Konečné umístění týmu na tomto kvízu.
Zaznamenané odpovědi
| # | Otázka | Odpověď | Body | Výsledky |
|---|---|---|---|---|
| 1. | Nejvyšší soud v pondělí defini... | proti pokutám za dopravní přestupky | 0 | |
| 2. | Po téměř šestileté přestávce s... | Victoria’s Secret | 1 | |
| 3. | Minulý týden měla premiéru fil... | Výjimečný stav, Jan Hřebejk | 0.5 | |
| 4. | Ve které evropské metropoli se... | v Paříži | 0 | |
| 5. | Který český fotbalový útočník... | Jakub Řezníček | 1 | |
| 6. | Tentokrát se v gastronomickém... | konvektomat | 1 | |
| 7. | Napište dvě slova pocházející... | sous-vide | 1 | |
| 8. | Nyní se podíváme na symboly, k... | č. 5 | 1 | |
| 9. | Napište značku nádobí, kterou... | Remoska | 1 | |
| 10. | Tento nástroj je používán při... | krevety (a garnáti) | 0 |